000 00902nas a2200301 4500
001 BR2012002115
003 BR-BrBNA
005 20231205120336.0
007 ta
008 230509b bl.|||p| |||| 00| 00por d
040 _aBR-BrBNA
_bpor
_cBiblioteca Nacional de Agricultura
041 _a(En)
072 _aL73
100 1 _aSantos, F.G.A.
100 1 _aMoro, L.
100 1 _aCassali, G.D.
100 1 _aPaixão, T.A.
100 1 _aCampos, P.P.
100 1 _aSilva, S.S.
100 1 _aVasconcelos, A.C.
245 1 _aCell proliferatin markers in the transplanted canine transmissible venereal tumor
650 _aCÃO
650 _aTUMOR
650 _aTRANSPLANTE
773 0 _tArquivo Brasileiro de Medicina Veterinária e Zootecnia (Brazil)
_xISSN 0102-0935
_g(Dec 2011), v. 63(6) p. 1345-1352
_wBR2012002115
909 _a202311
_bLúcia
_c55
_dLúcia Elande
942 _2AGRIS
_n0
_cANA
999 _c218031
_d218031